000 00634nam a2200229Ia 4500
008 191119s9999 xx 000 0 und d
020 _a978-621-406-164-8
050 _aFIL DS 675.8 .R5F73
050 _b.R5F73 2018
100 _aFrancisco, Virlyn.
245 0 _aRizal :
245 2 _ba modular approach /
245 0 _cVirlyn Francisco, Paul Micah Francisco.
260 _aPhilippines :
260 _bMindshapers,
260 _c2018
300 _a212 pages :
300 _c26 cm.
500 _aIncludes bibliographic references.
650 _aRizal, Jose, 1861-1896.
650 _xHeroes -- Philippines -- Biography.
999 _c363110
_d363110